The Bengali press, (1818-1868) : (Record no. 1105)
[ view plain ]
| 000 -LEADER | |
|---|---|
| fixed length control field | 00951nam a22002772i 4500 |
| 001 - CONTROL NUMBER | |
| control field | 1105 |
| 003 - CONTROL NUMBER IDENTIFIER | |
| rucl marc code | BD-RjUL |
| 005 - DATE AND TIME OF LATEST TRANSACTION | |
| control field | 20211208233257.0 |
| 008 - FIXED-LENGTH DATA ELEMENTS--GENERAL INFORMATION | |
| fixed length control field | 1311224s1976 ii af b 001 0 eng d |
| 020 ## - INTERNATIONAL STANDARD BOOK NUMBER | |
| International Standard Book Number | 0883867907 |
| Terms of availability | : IRs. 33.00 |
| 035 ## - SYSTEM CONTROL NUMBER | |
| System control number | (BD-RjUL)1127 |
| 040 ## - CATALOGING SOURCE | |
| Original cataloging agency | DLC |
| Transcribing agency | DLC |
| Modifying agency | EQO |
| -- | BD-RjUL |
| Language of cataloging | eng |
| 041 ## - LANGUAGE CODE | |
| Language code of text/sound track or separate title | eng |
| 082 00 - DEWEY DECIMAL CLASSIFICATION NUMBER | |
| Classification number | 079.5414 |
| Author mark and year | CHB 1976 |
| 100 1# - MAIN ENTRY--PERSONAL NAME | |
| Personal name | Chakraborti, Smarajit, |
| Dates associated with a name | 1937- |
| 9 (RLIN) | 3135 |
| 245 14 - TITLE STATEMENT | |
| Title | The Bengali press, (1818-1868) : |
| Remainder of title | a study in the growth of public opinion / |
| Statement of responsibility, etc. | Smarajit Chakraborti |
| 250 ## - EDITION STATEMENT | |
| Edition statement | 1st ed. |
| 260 ## - PUBLICATION, DISTRIBUTION, ETC. (IMPRINT) | |
| Place of publication, distribution, etc. | Calcutta : |
| Name of publisher, distributor, etc. | Firma KLM, |
| Date of publication, distribution, etc. | 1976. |
| 300 ## - PHYSICAL DESCRIPTION | |
| Pagination | viii, 252 p., [8] leaves of plates : |
| Illustrations | ill. ; |
| Size | 22 cm. |
| 500 ## - GENERAL NOTE | |
| General note | A revision of the author's thesis, Jadavpur University, 1974 |
| 504 ## - BIBLIOGRAPHY, ETC. NOTE | |
| Bibliography, etc | Bibliography: p. [229]-242 |
| Bibliography, etc | Includes index. |
| 650 #0 - SUBJECT ADDED ENTRY--TOPICAL TERM | |
| Topical term or geographic name as entry element | Press |
| Geographic subdivision | Bengal |
| General subdivision | History |
| Chronological subdivision | 19th century |
| 9 (RLIN) | 3136 |
| Topical term or geographic name as entry element | Public opinion |
| Geographic subdivision | Bengal |
| General subdivision | History |
| Chronological subdivision | 19th century |
| 9 (RLIN) | 3137 |
| 942 ## - ADDED ENTRY ELEMENTS (KOHA) | |
| Source of classification or shelving scheme | Dewey Decimal Classification |
| Koha item type | Books |
| Lost status | Source of classification or shelving scheme | Damaged status | Not for loan | Collection code | Permanent Location | Current Location | Shelving location | Date acquired | Source of acquisition | Cost, normal purchase price | Total Checkouts | Full call number | Date last seen | Copy number | Koha item type | Date checked out |
|---|---|---|---|---|---|---|---|---|---|---|---|---|---|---|---|---|
| Dewey Decimal Classification | Not For Loan | Non-fiction | Central Library, University of Rajshahi | Central Library, University of Rajshahi | Reading Room | 27/09/1978 | India Int. Calcutta | 33.00 | 079.5414 CHB 1976 | 24/11/2013 | C-1 | Books | ||||
| Dewey Decimal Classification | Non-fiction | Central Library, University of Rajshahi | Central Library, University of Rajshahi | 27/09/1978 | India Int. Calcutta | 33.00 | 079.5414 CHB 1976 | 24/11/2013 | C-2 | Books | ||||||
| Dewey Decimal Classification | Non-fiction | Central Library, University of Rajshahi | Central Library, University of Rajshahi | 06/03/1979 | India Int. Calcutta | 35.00 | 1 | 079.5414 CHB 1976 | 27/09/2020 | C-3 | Books | 21/09/2020 | ||||
| Dewey Decimal Classification | Non-fiction | Central Library, University of Rajshahi | Central Library, University of Rajshahi | 27/09/1978 | India int., Cal. | 33.00 | 079.5414 CHB 1976 | 24/02/2015 | C-4 | Books | ||||||
| Dewey Decimal Classification | Non-fiction | Central Library, University of Rajshahi | Central Library, University of Rajshahi | 27/07/1996 | Ankur Prakashani, Dhaka | 33.00 | 079.5414 CHB 1976 | 24/02/2015 | C-5 | Books | ||||||
| Dewey Decimal Classification | Non-fiction | Central Library, University of Rajshahi | Central Library, University of Rajshahi | 27/07/1996 | Ankur Prakashani, Dhaka | 33.00 | 079.5414 CHB 1976 | 03/05/2017 | C-6 | Books | ||||||
| Dewey Decimal Classification | Not For Loan | Rare Books | Central Library, University of Rajshahi | Central Library, University of Rajshahi | Rare Book Section | 27/09/1978 | India Int. Cal., | 33.00 | RA 079.5414 CHB 1976 | 12/09/2018 | C-7 | Books |